00852nam a2200241Ia 450000100060000000300090000600800410001504000130005604000130006904100130008210000240009510000280011924501160014724500660026325000110032926000110034026000080035126000490035930000570040850000820046565000320054765000310057992610IT-RoPAU130308s9999 xx 000 0 und d aIT-RoPAU cIT-RoPAU aSPAGNOLO aVazquez Jesus Maria gCodice Aut. SPICS: 124 aNecesidad y posibilidades de auscultacion de audiencias sobre television en la poblacion infantil y adolescente bIi Conversaciones nacionales de television infantil Y Juvenil a1a ed. aSPAGNA bTVE c1966 [1° Ed.:1966 - Ed.Ling.Originale:1966] a"5 p. (prefazione: no ; testo: 5 [pagine: 205-209])" aNecessità e Possibilità di Ascolto della Audience Infantile e Adolescente aEDUCAZIONE ALLA TELEVISIONE eCodice materia Spics: 6962